000 01291nam0a2200325 i 4500
001 RU\NLR\BIBL_A\010722937
005 20241115071939.0
010 _a9785600007697
_91000
021 _aRU
_b15-13122
035 _a(NILC)RuMoRGB-007875955
035 _a(NLR Aleph) 010722937
090 _a9830864
_c9830864
100 _a20150409d2014 um y0rusy50 ca
101 0 _arus
102 _aRU
105 _aa|||j|||001yy
200 1 _aСлагаемые успеха
_eформулы, технологии, системы
_eучебник
_fЕ. А. Шилов
210 _aМосква
_cКомпания Ялма
_d2014
215 _a639 с., [2] л. цв. ил., портр.
_d19
320 _aАвт. указ.: с. 613-629
606 _aУспех
_jПопулярные издания
_xСоциально-психологические исследования
_92074287
_3RU\NLR\AUTH\661249276
606 _aЛичность
_jПопулярные издания
_xСоциализация
_91533289
_3RU\NLR\AUTH\66667892
686 1 _aС550.354я9
700 1 _aШилов
_bЕ. А.
_gЕвгений Алексеевич.
801 0 _aRU
_bРГБ
_c20150226
_gRCR
801 1 _aRU
_bРГБ
_c20150226
_2rusmarc
942 _cBOOK
980 _aNBR